| 000 | 01897cam a22003854i 4500 | ||
|---|---|---|---|
| 003 | PE-LiUPU | ||
| 005 | 20250731183423.0 | ||
| 008 | 150706s2001 mx a rb 000 0 spa d | ||
| 020 | _a9789687478159 | ||
| 035 | _a(Sirsi) i9789687478159 | ||
| 040 |
_aPE-LiUPU _bspa _cPE-LiUPU _erda |
||
| 049 | _aPRUA | ||
| 082 | 0 | 4 |
_a728 _bP723a _221 |
| 100 | 1 |
_aPlazola Cisneros, Alfredo, _eautor. |
|
| 245 | 1 | 0 |
_aArquitectura habitacional : _nVolumen 2 / _cAlfredo Plazola Cisneros, Alfredo Plazola Anguiano y Gullermo Plazola Angiano. |
| 250 | _aQuinta edición. | ||
| 264 | 1 |
_aMéxico : _bLimusa _c2001. |
|
| 300 |
_a719 páginas : _bilustraciones ; _c30 centímetros. |
||
| 336 |
_atext _2rdacontent |
||
| 337 |
_aunmediated _2rdamedia |
||
| 338 |
_avolume _2rdacarrier |
||
| 504 | _aBibliografía : páginas 719. | ||
| 505 | 0 | _aGráficas solares -- Dibujo y representación arquitectónica -- La casa habitación -- La función leer y estar -- La función comer y beber -- La función dormir -- La función cocinar -- La función aseo de la persona -- La función juego de niños y jardinería -- La función aseo de la ropa y de la casa -- La función vehicular -- Representación en tres dimensiones -- Técnicas de representación gráfica: lápiz -- Técnica de tinta -- Técnica de lápiz de color -- Técnica de plumón -- Técnica de gouache -- Técnica de acuarela -- Técnica de aerógrafo -- Técnicas mixtas -- Computación en la arquitectura. | |
| 526 | _aP158 | ||
| 526 | _aP146 | ||
| 526 | _aP17 | ||
| 526 | _aP12 | ||
| 526 | _aP06 | ||
| 650 | 1 | 4 | _aArquitectura de la vivienda. |
| 700 | 1 |
_aPlazola Anguiano, Alfredo, _eautor. |
|
| 700 | 1 |
_aPlazola Anguiano, Guillermo, _eautor. |
|
| 942 |
_2ddc _cBK |
||
| 999 |
_c49256 _d49256 |
||
| 980 |
_81 _gALBERTO SANCHEZ Responsable de Automatización |
||